[Event "XLIV Sevilla Open 2019"]
[Site "Sevilla"]
[Date "2019.01.14"]
[Round "4"]
[White "Muzika, Paul"]
[Black "Halfhide, Sebastian"]
[Result "0-1"]
[WhiteElo "2061"]
[BlackElo "2282"]
[Annotator "TA"]
[PlyCount "38"]
[EventDate "2019.01.11"]
[EventType "swiss"]
[EventCountry "ESP"]
[SourceTitle "playchess.com"]
[Source "ChessBase"]
[SourceQuality "1"]

{[%evp 15,38,49,44,-27,-21,-40,-34,-90,-87,-87,-85,-208,-210,-190,-188,-488,-495,-485,-483,-480,-486,-875,-642,-849,-810]} 1. e4 c5 2. Nf3 e6 3. d4 cxd4 4. Nxd4 Nc6 5. Be3 Qc7 6. Nc3 a6 7. Qf3 {B48: Sicilian: Taimanov: 5 Nc3 Qc7 6 Be3 a6 without Be2} Bd6 (7... Nf6 8. O-O-O d6 9. Nxc6 Qxc6 10. g4 b5 11. g5 Nd7 12. a3 Bb7 13. Qh3 Rc8 14. g6 Nf6 {0-1 (55) Durarbayli,V (2629)-Cori Tello,J (2664) Saint Louis 2018}) 8. O-O-O Be5 $1 {LiveBook: 133 Games} 9. Be2 (9. g3 $14) 9... Nge7 $11 10. h4 $146 ({Predecessor:} 10. g3 O-O 11. Qg2 b5 12. f4 Bxd4 13. Bxd4 Nxd4 14. Rxd4 Bb7 {0-1 (55) Aliyev,E (2200)-Quparadze,G (2471) Kahramanmaras 2018}) 10... b5 11. a3 (11. Kb1 $15) 11... Rb8 $17 {[%cal Ba8b8,Bb8b4,Bb4c4,Bc4c3][%mdl 32]} 12. Nxc6 Nxc6 13. Bd2 (13. h5 $17 {was necessary.}) 13... b4 $19 14. axb4 Rxb4 15. Qe3 $2 (15. b3) 15... Qa5 {( -> ...Qa1+). Black is clearly winning.} 16. Be1 Qa1+ {[%mdl 64] [#] Double Attack} 17. Kd2 Qxb2 18. Bg4 (18. Rc1 $142 d5 19. Nd1 Qd4+ 20. Qxd4 Rxd4+ 21. Ke3 Rxe4+ 22. Kd2) 18... Rc4 19. Rh3 Rxc3 {Accuracy: White = 23%, Black = 88%.} 0-1

[Event "XLIV Sevilla Open 2019"]
[Site "Sevilla"]
[Date "2019.01.18"]
[Round "8"]
[White "Fedorchuk, Sergey A."]
[Black "Esquivias Quintero, Luis Manuel"]
[Result "1-0"]
[WhiteElo "2606"]
[BlackElo "2293"]
[Annotator "TA"]
[PlyCount "95"]
[EventDate "2019.01.11"]
[EventType "swiss"]
[EventCountry "ESP"]
[SourceTitle "playchess.com"]
[Source "ChessBase"]
[SourceQuality "1"]

{[%evp 20,95,14,7,18,15,17,0,2,0,9,19,0,0,18,-25,25,35,20,-31,63,52,50,37,44,36,62,40,43,41,102,52,123,131,116,114,127,114,116,118,120,102,127,120,140,131,162,162,229,226,225,229,244,224,245,234,233,223,352,352,336,269,454,449,427,422,739,739,661,616,991,793,1319,1273,1092,952,934,854]} 1. e4 c5 2. Nf3 g6 3. d4 cxd4 4. Nxd4 Nc6 5. Nc3 Bg7 6. Be3 Nf6 7. Bc4 O-O 8. Bb3 Re8 {B35: Sicilian: Accelerated Dragon with 5 Nc3: main line} 9. O-O (9. f3 d5 10. exd5 Nb4 11. Nde2 e6 12. Bd4 exd5 13. Qd2 Nc6 14. O-O-O Nxd4 15. Nxd4 Bd7 16. g4 {1-0 (33) Navara,D (2740)-Gelfand,B (2703) Batumi 2018}) 9... d6 10. h3 Na5 11. f4 {LiveBook: 9 Games} Nxb3 12. axb3 b6 13. Qf3 $146 {aiming for e5.} ({Predecessor:} 13. Nf3 Bb7 14. e5 dxe5 15. Nxe5 Nd5 16. Nxd5 Qxd5 17. Qxd5 Bxd5 18. Rfd1 Be4 19. c3 f6 20. Nf3 e5 {½-½ (20) Corvi,M (2226)-Pescatore,L (2336) Porto San Giorgio 2017}) 13... Bb7 14. f5 Qd7 15. Rad1 Rac8 16. Bg5 Rc5 17. Qf4 b5 18. b4 Rc4 19. Bh6 (19. fxg6 $11 fxg6 20. Ndxb5 (20. Bxf6 Bxf6 21. Ndxb5 Rf8 $11)) 19... Rxb4 (19... Nh5 $15 20. Qe3 Be5) 20. Bxg7 $14 Kxg7 21. e5 $36 {[%mdl 2048] Black is under pressure.} dxe5 22. Qxe5 {And now Ne6+! would win.} Qc8 23. fxg6 ({Don't play} 23. Ndxb5 $6 Rd8 $11) 23... hxg6 24. b3 a6 (24... Qxc3 $2 25. Ne6+ $1 {[%mdl 512]} fxe6 26. Qxc3 $18) (24... Kg8 $14) 25. Rf2 Kg8 ({Don't go for} 25... Qxc3 $2 26. Ne6+ $1 {[%mdl 512]} Kg8 27. Qxc3 $18) (25... Qb8 $14 26. Qe3 a5) 26. Na2 $16 {[%mdl 64] Trapped Piece} Rxd4 27. Rxd4 Rd8 28. Nc3 Rxd4 29. Qxd4 Qc7 30. b4 Kg7 31. Re2 Qc6 32. Ne4 Qe6 {[%cal Rb7e4]} 33. Ng3 Qd6 (33... Qd5 {keeps fighting.} 34. Qe3 Ng8) 34. Qxd6 $18 exd6 {[%mdl 4096] Endgame [#] KRN-KBN} 35. Re7 $1 {[%cal Re7b7]} Bc8 36. Rc7 Be6 {If Black can now play ...Nd5 this consolidates a bit.} 37. Rc6 Bc4 38. Rxa6 d5 (38... Nd5 {was necessary.} 39. Rxd6 Nxb4) 39. Kf2 d4 40. Ne2 d3 $2 (40... Ne4+ 41. Ke1 d3) 41. cxd3 {White is clearly winning.} Bxd3 42. Nc3 Ne4+ (42... Nd7 $142 43. Rd6 Ne5) 43. Nxe4 Bxe4 44. Rd6 g5 45. g3 f6 46. Rb6 Bd3 47. h4 Kg6 48. Kf3 {Accuracy: White = 66%, Black = 38%.} 1-0

[Event "XLIV Sevilla Open 2019"]
[Site "Sevilla"]
[Date "2019.01.18"]
[Round "8"]
[White "Ibarra Jerez, Jose Carlos"]
[Black "Diaz Castro, Ismael"]
[Result "1-0"]
[WhiteElo "2558"]
[BlackElo "2228"]
[Annotator "TA"]
[PlyCount "49"]
[EventDate "2019.01.11"]
[EventType "swiss"]
[EventCountry "ESP"]
[SourceTitle "playchess.com"]
[Source "ChessBase"]
[SourceQuality "1"]

{[%evp 16,49,-21,-52,-4,-10,-27,-27,-6,-2,76,77,67,58,89,87,92,86,91,0,111,120,247,247,245,262,476,475,481,412,410,412,642,663,616,545]} 1. e4 e5 2. Nf3 Nc6 3. d4 exd4 4. Nxd4 Nf6 5. Nxc6 bxc6 6. e5 Qe7 7. Qe2 Nd5 8. h4 Qe6 {C45: Scotch Game} 9. g3 {LiveBook: 4 Games} Bc5 $146 ({Predecessor:} 9... Nb4 10. c4 Ba6 11. Bf4 d5 12. a3 Bxc4 13. Qd1 Bxf1 14. Kxf1 Na6 15. Nc3 Nc5 16. b4 {1-0 (32) Tomczak,J (2614)-Kramnik,V (2779) Batumi 2018}) 10. Nd2 O-O {The position is equal.} 11. Bh3 Qe7 12. O-O f5 (12... d6 $11 13. Bxc8 Rfxc8) 13. c4 $16 Ba6 {[#] Strongly threatening ...f4.} 14. Nf3 $1 $36 {[%mdl 2048] Black is under pressure.} f4 {And now ...fxg3 would win.} 15. Kg2 fxg3 16. fxg3 h6 {[#]} 17. Qe4 (17. b3 $1 $16) 17... Rae8 (17... Nb6 $11 {remains equal.} 18. b3 d5) 18. b3 Nf6 (18... d6 $16) 19. Qg6 $18 Nh7 20. Bxh6 Kh8 $2 (20... Qf7 {is a better defense.} 21. Qxf7+ Rxf7) 21. Bd2 Bc8 22. Bf5 Rxf5 23. Qxf5 d6 (23... Rf8 $142 24. Qh5 Qe8 25. Qxe8 Rxe8) 24. Qh5 {aiming for Ng5.} g6 25. Qh6 {Accuracy: White = 74%, Black = 26%.} 1-0

[Event "XLIV Sevilla Open 2019"]
[Site "Sevilla"]
[Date "2019.01.18"]
[Round "8"]
[White "Saric, Ante"]
[Black "Starostits, Ilmars"]
[Result "1/2-1/2"]
[WhiteElo "2536"]
[BlackElo "2442"]
[Annotator "TA"]
[PlyCount "68"]
[EventDate "2019.01.11"]
[EventType "swiss"]
[EventCountry "ESP"]
[SourceTitle "playchess.com"]
[Source "ChessBase"]
[SourceQuality "1"]

{[%evp 24,68,29,29,29,29,29,29,24,20,23,22,23,18,29,5,6,0,0,0,0,0,0,0,0,0,7,0,0,0,20,0,0,0,0,-39,-41,-47,-47,-54,-41,-45,0,0,0,-40,0]} 1. Nf3 Nf6 {[%cal Bg8f6,Bf6d5,Bd5b4][%mdl 32]} 2. c4 c5 3. Nc3 d5 4. cxd5 Nxd5 5. e4 Nb4 6. Bb5+ N8c6 7. d4 cxd4 8. a3 Bd7 {A34: Symmetrical English: 2 Nc3, lines with ...d5} 9. Nxd4 Nxd4 10. Bxd7+ Qxd7 11. axb4 e6 12. Be3 Rd8 13. O-O {LiveBook: 8 Games} Bxb4 {[#]} 14. Nd5 $1 {[%mdl 512]} Nc6 (14... exd5 15. Qxd4) 15. Nxb4 {Qg4 is the strong threat.} Qxd1 16. Rfxd1 {[#]} Nxb4 $146 ({Predecessor:} 16... Rxd1+ 17. Rxd1 Nxb4 18. Bxa7 {½-½ (50) Lorparizangeneh,S (2455)-Nikolov,M (2573) Albena 2016}) 17. Bxa7 Na6 18. Kf1 Ke7 19. Ke2 Rxd1 20. Rxd1 $11 {[%mdl 4096] Endgame KRB-KRN} Rc8 21. Bd4 f6 22. Bc3 Rc4 23. Ke3 b5 24. Ra1 Nc5 25. Ra7+ Kd6 26. f3 Na4 27. Ba5 {[#] And now b3 would win.} Nxb2 28. Rxg7 b4 29. Rxh7 Rc3+ 30. Kf4 Nd3+ {[%mdl 1024] Black has compensation.} 31. Ke3 Nc5+ $1 32. Kf4 Nd3+ 33. Ke3 Nc5+ 34. Kf4 Nd3+ {Accuracy: White = 70%, Black = 83%.} 1/2-1/2

[Event "XLIV Sevilla Open 2019"]
[Site "Sevilla"]
[Date "2019.01.18"]
[Round "8"]
[White "Li, Di"]
[Black "Iniyan, P."]
[Result "1-0"]
[WhiteElo "2488"]
[BlackElo "2456"]
[Annotator "TA"]
[PlyCount "99"]
[EventDate "2019.01.11"]
[EventType "swiss"]
[EventCountry "ESP"]
[SourceTitle "playchess.com"]
[Source "ChessBase"]
[SourceQuality "1"]

{[%evp 20,99,18,16,16,16,16,16,16,16,23,16,16,23,27,16,16,16,15,12,4,4,25,25,67,67,60,62,62,56,68,68,68,68,68,68,68,68,68,68,68,68,68,68,75,68,75,53,53,54,143,54,182,156,243,243,243,243,450,434,521,509,984,974,933,927,29981,29982,29982,29983,29983,1139,29984,29985,29989,29982,29981,29982,29989,29983,29983,29982]} 1. d4 Nf6 2. c4 g6 3. Nc3 Bg7 4. e4 d6 5. Nf3 O-O 6. Be2 e5 7. O-O Nc6 8. dxe5 dxe5 9. Bg5 Qxd1 10. Rfxd1 Bg4 11. h3 Bxf3 {E97: King's Indian: Classical Main Line (6...e5 7 0-0 Nc6): 8 Be3 and 8 d5 Ne7, not 9 Ne1} 12. Bxf3 Nd4 13. Nd5 Nxd5 {The position is equal.} 14. cxd5 f6 15. Bd2 Rf7 16. Rac1 Bf8 17. Be3 Nxf3+ 18. gxf3 Bd6 19. Kf1 f5 $146 20. Ke2 Raf8 21. h4 fxe4 22. fxe4 h6 23. Rg1 Kh7 24. Rg3 Rf6 25. Rc3 R6f7 26. Rb3 b6 27. Rc3 Kg7 28. Rc4 a6 29. Rc6 Rf6 30. Kf1 R8f7 31. Kg2 Kh7 32. Rh3 Rf8 33. Rh1 R8f7 34. Rhc1 Kg7 {[#]} ({Black should try} 34... a5 $1 $14) 35. R1c2 (35. b4 $1 $16) 35... Kh7 {[#]} (35... a5 $1 $14) 36. b4 $1 $18 {[%mdl 512]} g5 (36... Kg7 $16 {keeps fighting.} 37. a4 h5) (36... Bxb4 37. Rxf6) 37. h5 ({Don't do} 37. hxg5 $6 hxg5 38. a4 Kg6 $16) 37... Rf8 38. a4 {[%cal Ba2a4,Ba4a5][%mdl 32]} Ra8 $2 (38... Kg8 39. a5 bxa5) 39. a5 b5 40. Bc5 Rf4 (40... Kg7 $142 41. f3 Kg8 42. Bxd6 cxd6) 41. Bxd6 cxd6 42. Rxd6 Rxe4 {[%mdl 4096] Endgame KRR-KRR} 43. Rc7+ Kg8 44. Rg6+ Kh8 45. Rxh6+ Kg8 46. Rhh7 {White mates.} Rc8 47. d6 Rg4+ 48. Kf1 Rd4 49. Rhg7+ Kh8 50. h6 {Precision: White = 80%, Black = 45%.} 1-0

[Event "XLIV Sevilla Open 2019"]
[Site "Sevilla"]
[Date "2019.01.18"]
[Round "8"]
[White "Krishna C R G"]
[Black "Calzetta Ruiz, Monica"]
[Result "1-0"]
[WhiteElo "2469"]
[BlackElo "2245"]
[Annotator "TA"]
[PlyCount "89"]
[EventDate "2019.01.11"]
[EventType "swiss"]
[EventCountry "ESP"]
[SourceTitle "playchess.com"]
[Source "ChessBase"]
[SourceQuality "1"]

{[%evp 9,89,0,39,36,27,32,24,22,31,23,28,25,65,53,102,80,96,98,129,127,130,118,118,125,108,104,370,356,322,160,159,141,518,283,438,425,367,274,264,264,273,272,361,363,407,302,494,487,700,553,519,149,156,154,193,185,193,184,194,195,179,179,201,200,196,199,199,190,267,198,361,349,387,392,439,391,682,671,895,877,1617,1626]} 1. d4 Nf6 2. Nf3 c5 3. c4 cxd4 4. Nxd4 d6 (4... e6 5. Nc3 d5 6. cxd5 Nxd5 7. Bd2 Bc5 8. Nb3 Be7 9. e4 Nxc3 10. Bxc3 Qxd1+ 11. Rxd1 O-O 12. h4 Rd8 13. Rxd8+ Bxd8 14. h5 Nc6 15. Bb5 Be7 16. Bxc6 bxc6 {½-½ (31) Le,Q (2715)-Vachier Lagrave,M (2780) Batumi 2018}) 5. g3 Nc6 6. Bg2 {A31: Symmetrical English: 2 Nf3 Nf6 3 d4} Bd7 7. O-O g6 8. b3 {White has an edge.} Bg7 {[#] White must now prevent ...Nxd4.} 9. Bb2 h5 10. Nf3 $146 ({Predecessor:} 10. h4 O-O 11. Nc3 Qa5 12. Rc1 Rfc8 {½-½ (60) Gabuzyan,H (2582)-Melkumyan,H (2647) Martuni 2014}) 10... Qc8 11. Nc3 h4 12. Nd5 (12. gxh4 Bh3 $15) 12... hxg3 13. fxg3 ({Reject} 13. hxg3 $6 Bh3 $11) 13... Nxd5 14. Bxg7 Ne3 15. Qd3 Rh7 16. Qxe3 Rxg7 17. c5 {cxd6 is the strong threat.} dxc5 $2 {[%mdl 8192] [#]} (17... Qc7 $16) 18. Qh6 $1 $18 {[%cal Rh6h8] Qh8+ would kill now.} Rg8 19. Qh7 $40 {[%mdl 128] White attacks with force.} (19. Ng5 $18 Bf5 20. Bd5) 19... Rf8 $16 20. Ng5 {[%cal Rf1f7]} Be6 $2 {[%mdl 8192]} (20... Qc7 $16) 21. Qg7 f6 (21... Kd7 $142 22. Rac1 (22. Nxf7 Bxf7 23. Rxf7 Rxf7 $18) 22... Rg8 23. Rfd1+ Kc7) 22. Qxg6+ $18 Kd8 23. Rac1 Kc7 24. Rxc5 Bd7 25. Nf3 Rg8 26. Qe4 Rg4 27. Qc2 Qh8 $2 (27... Qe8 28. Rd1 Rd8) 28. Rd1 Qh6 (28... Qe8 $142 29. Qd2 Rd8) 29. Kf2 Rag8 30. Qd2 $2 (30. Qc3 $18 {has better winning chances.} a5 31. a3) 30... Qxd2 $16 31. Rxd2 {Hoping for Bh3.} Kb6 32. Rc3 ({Weaker is} 32. Rxd7 Kxc5 33. Rxb7 Rb4 $11) 32... Bc8 33. Bh3 Re4 34. Bxc8 Rxc8 35. Rd7 Rh8 36. Re3 Rxe3 37. Kxe3 $18 {[%mdl 4096] Endgame KRN-KRN} Nb4 38. Rd2 Rc8 (38... e6 $142 39. Rd6+ Kc5 40. Rxe6 Nxa2 41. Rxf6 Nc1) 39. h4 {[%cal Bh2h4,Bh4h5,Bh5h6][%mdl 32]} a5 $2 (39... Rg8 40. Kf2 a5) 40. Kf4 Rc5 41. e4 Rc3 42. h5 e5+ $2 (42... Rc8 43. h6 Rh8) 43. Kg4 {White is clearly winning.} Re3 44. h6 Rxe4+ 45. Kh3 {Precision: White = 76%, Black = 28%.} 1-0

[Event "XLIV Sevilla Open 2019"]
[Site "Sevilla"]
[Date "2019.01.18"]
[Round "8"]
[White "Lei, Tingjie"]
[Black "Grigoryan, Karen H."]
[Result "0-1"]
[WhiteElo "2447"]
[BlackElo "2557"]
[Annotator "TA"]
[PlyCount "112"]
[EventDate "2019.01.11"]
[EventType "swiss"]
[EventCountry "ESP"]
[SourceTitle "playchess.com"]
[Source "ChessBase"]
[SourceQuality "1"]

{[%evp 19,112,22,16,0,0,12,8,3,13,-6,28,0,36,-11,-4,-54,-45,-57,-68,-76,-64,-170,-62,-58,-40,-106,-94,-87,-87,-85,-87,-161,-159,-193,-200,-195,-191,-185,-181,-183,-195,-242,-242,-235,-232,-242,-242,-242,-242,-242,-237,-234,-232,-240,-240,-219,-219,-219,-219,-219,-219,-219,-219,-298,-298,-297,-297,-293,-290,-293,-277,-297,-318,-403,-403,-328,-356,-401,-367,-473,-469,-475,-445,-792,-785,-760,-749,-711,-679,-1252,-575,-1141,-1129,-1024,-910]} 1. d4 d6 2. c4 e5 3. e3 Nd7 4. Nc3 g6 5. g3 Bg7 6. Bg2 Ngf6 7. Nge2 O-O 8. b3 Re8 9. O-O e4 10. Qc2 {E61: King's Indian: Early deviations for White, including Smyslov System} Qe7 $1 {LiveBook: 8 Games} 11. a4 (11. Bb2 c6 12. d5 c5 13. a3 Nf8 14. b4 b6 15. bxc5 bxc5 16. Rab1 g5 17. Ba1 {0-1 (37) Dubov,D (2661)-Onischuk,V (2612) Berlin 2015}) 11... c6 12. Ba3 {The position is equal.} Nf8 13. b4 $146 ({Predecessor:} 13. h3 h5 14. b4 N8h7 15. Rad1 Ng5 16. Kh2 Bf5 17. d5 Nf3+ {½-½ (51) Voronov,Y (2281)-Baryshpolets,A (2467) Mukachevo 2011}) 13... h5 14. Rad1 N8h7 15. d5 cxd5 16. Nf4 dxc4 17. Ncd5 Nxd5 18. Nxd5 Qd8 $1 19. Bxe4 Bg4 20. Rc1 (20. Nf4 $15) 20... Rxe4 (20... Ng5 $19 21. Bg2 Rc8) 21. Qxe4 $15 Ng5 $1 {[%cal Rg5e4]} 22. Qe7 (22. Qxc4 $15 Nf3+ 23. Kg2) 22... Qxe7 23. Nxe7+ Kf8 24. Nd5 Be2 $40 {[%mdl 1152] Black has strong compensation. Black attacks with force.} 25. b5 (25. Nf4 $17 Bxf1 26. Kxf1) 25... Nf3+ $1 $19 26. Kg2 {[#]} Nd2 $1 {White must now prevent ...Bf3+.} 27. Rfd1 Bf3+ 28. Kg1 {[#]} c3 $1 29. Bxd6+ Kg8 30. Bb4 Bxd5 ({And not} 30... Bxd1 31. Rxd1 a6 32. Bxc3 $16) 31. Bxc3 Nb3 32. Rb1 Bf3 33. Rf1 Bxc3 34. Rxb3 Ba5 35. Rc1 Rd8 36. Rb2 Bd2 37. Rc4 {[#]} Bc3 $1 {[%cal Rd8d1][%mdl 512]} 38. Rb1 (38. Rxc3 Rd1#) 38... Be5 39. Rbc1 Kg7 40. Rc8 Rd7 41. Ra8 b6 42. Rac8 g5 {[%cal Bg6g5,Bg5g4][%mdl 32]} 43. Kf1 f6 44. Ke1 Kg6 45. R8c4 {[#]} h4 $1 {[%mdl 512]} 46. gxh4 g4 47. Rc8 Bxh2 48. h5+ Kh6 49. R8c2 Bd6 {Black is clearly winning.} 50. Kf1 Kxh5 51. Rd2 (51. Rc8 $142) 51... Kg5 {( -> ...Rh7)} 52. Rd4 Rh7 {[%cal Rh7h1]} 53. Ke1 Be5 54. Rd3 Rh1+ 55. Kd2 {Now Rxh1 and White clings on.} Rh2 56. Rd7 g3 {Precision: White = 34%, Black = 83%.} 0-1

[Event "XLIV Sevilla Open 2019"]
[Site "Sevilla"]
[Date "2019.01.18"]
[Round "8"]
[White "Das, Arghyadip"]
[Black "Cholleti Sahajasri"]
[Result "1-0"]
[WhiteElo "2431"]
[BlackElo "2122"]
[Annotator "TA"]
[PlyCount "123"]
[EventDate "2019.01.11"]
[EventType "swiss"]
[EventCountry "ESP"]
[SourceTitle "playchess.com"]
[Source "ChessBase"]
[SourceQuality "1"]

{[%evp 22,123,0,0,0,0,0,0,9,0,0,0,11,0,0,0,23,4,4,-14,8,-10,8,-41,-31,-41,-11,-12,-13,-25,16,9,8,7,53,53,48,22,39,47,46,33,52,38,39,27,45,23,52,7,7,5,23,18,32,9,16,9,9,4,32,32,254,254,231,240,301,288,288,51,302,259,247,247,429,77,486,459,329,8,8,8,8,8,8,8,8,8,8,8,8,8,8,8,8,8,29979,29980,29980,29981,29981,29982,29982,29983]} 1. e4 c5 2. Nf3 d6 3. d4 cxd4 4. Nxd4 Nf6 5. Nc3 a6 6. Be2 e5 7. Nf3 Be7 8. Bg5 Be6 9. Bxf6 Bxf6 10. O-O O-O 11. Nd5 {B92: Sicilian Najdorf: 6 Be2} Nd7 12. Bc4 {LiveBook: 7 Games} Nb6 13. Bb3 {The position is equal.} Nxd5 14. Bxd5 Qc7 {[#]} 15. Ne1 $146 ({Predecessor:} 15. c3 Qc5 16. Bxe6 fxe6 {0-1 (52) Mareco,S (2643)-Salinas Herrera,P (2463) Montevideo 2018}) 15... Rac8 16. c3 Qb6 17. Bxe6 fxe6 18. Nd3 Rcd8 19. Qe2 d5 20. Rad1 Qb5 21. f3 d4 22. cxd4 Rxd4 {And now ...Rfd8 would win.} 23. Nc1 Qb6 24. Rxd4 Qxd4+ 25. Qf2 Qxf2+ 26. Rxf2 $11 {[%mdl 4096] Endgame KRB-KRN} Bg5 27. Rc2 Bxc1 28. Rxc1 {KR-KR} Rd8 29. Rc2 Rd7 30. Kf2 Kf7 31. Ke2 Kf6 32. Rc8 g5 33. g3 h6 34. a3 Kg7 35. Rc1 Kf6 36. Ke3 Rg7 37. Rc5 Re7 38. b4 h5 39. a4 h4 40. b5 hxg3 41. hxg3 b6 $2 (41... axb5 $1 $14 42. axb5 (42. Rxb5 Rc7 $14) 42... Rd7) 42. Rc6 $18 axb5 43. axb5 Ra7 44. Rxb6 Ra3+ 45. Ke2 $2 (45. Kf2 $1 $18) 45... Ra2+ $2 {[%mdl 8192]} (45... g4 $1 $14) 46. Kd3 Ra3+ {[#]} 47. Kc4 $1 Rxf3 $2 (47... Ke7 48. Rb8 Rxf3) 48. Rb8 $2 (48. Rc6 $18 {has better winning chances.}) 48... Ke7 $2 {[%mdl 8192]} (48... Re3 $16 {is tougher.}) 49. b6 Kd7 {[#]} 50. Rg8 $2 (50. Re8 $1 $18 {Hoping for b7!} Kc6 51. Rxe6+ Kb7 52. g4 (52. Rxe5 g4 $16)) 50... Kc6 $11 51. Rxg5 Kxb6 52. Rxe5 Rxg3 53. Rxe6+ Kc7 54. Kd5 Kd7 55. Ra6 Rg5+ 56. e5 {[%cal Be4e5,Be5e6,Be6e7][%mdl 32]} Rg1 57. Ra7+ Ke8 $1 58. Kd6 Rb1 $2 {[%mdl 8192]} (58... Rd1+ $11 59. Ke6 Kf8 60. Ra8+ Kg7) 59. Ra8+ {White mates.} Kf7 60. e6+ Kf6 61. Rf8+ Kg7 62. e7 {Precision: White = 26%, Black = 35%.} 1-0

[Event "XLIV Sevilla Open 2019"]
[Site "Sevilla"]
[Date "2019.01.18"]
[Round "8"]
[White "Campora, Daniel H."]
[Black "Larino Nieto, David"]
[Result "0-1"]
[WhiteElo "2417"]
[BlackElo "2432"]
[Annotator "TA"]
[PlyCount "134"]
[EventDate "2019.01.11"]
[EventType "swiss"]
[EventCountry "ESP"]
[SourceTitle "playchess.com"]
[Source "ChessBase"]
[SourceQuality "1"]

{[%evp 14,134,48,42,52,52,59,52,150,139,152,158,135,149,155,135,141,142,182,92,96,84,78,96,191,114,114,110,97,27,51,29,25,16,21,0,58,56,121,18,34,-25,-36,-39,-43,-45,-30,-71,-53,-42,-15,-26,107,-104,23,23,29,29,15,29,18,14,14,17,36,22,34,25,39,39,31,0,0,0,1,11,38,0,25,0,22,-9,0,-160,-155,-356,-53,-51,-43,-43,-61,-46,-37,-43,0,0,0,-31,0,-129,-129,-186,-115,-114,-105,-270,-277,-287,-228,-212,0,-199,0,-248,-235,-536,-534,-513,-504,-850,-831,-797,-786]} 1. d4 g6 2. Nf3 Bg7 3. e4 c6 4. Bd3 d5 5. exd5 cxd5 6. O-O Bg4 7. c3 {B13: Caro-Kann: Exchange Variation and Panov-Botvinnik Attack} Nc6 8. Re1 {LiveBook: 3 Games} Nf6 (8... e6 9. h3 Bf5 10. Bxf5 gxf5 11. Qd3 Nge7 12. Nbd2 Bh6 {½-½ (31) Schramm,C (2398)-Berchtenbreiter,M (2412) Lueneburg 2014}) 9. Nbd2 {White is slightly better.} Qc7 10. h3 $146 ({Predecessor:} 10. Nf1 O-O 11. h3 Bf5 12. Bxf5 gxf5 13. Ng3 e6 14. Bg5 Kh8 15. Bxf6 Bxf6 {1-0 (58) Jibuti,N (1654)-Vatansever,B (1596) Albena 2011}) 10... Bf5 (10... Bc8 $14) 11. Bxf5 $16 gxf5 12. Nh4 $1 O-O-O 13. Nxf5 Rdg8 14. Qf3 Bf8 15. Nf1 h5 16. Nh4 (16. Bf4 $18 Qd7 17. N5e3) 16... Qd8 17. Bf4 e6 18. Bg3 Bh6 (18... Be7 $16) 19. Qd3 (19. Rad1 $1 $18) 19... Rg7 20. Nh2 Rhg8 21. Kf1 ({White should play} 21. Rad1 $16) 21... Qd7 {Black wants to play ...Ne4.} 22. Be5 Nxe5 23. dxe5 Ne4 24. Rad1 Qa4 (24... Qd8 $11 25. N2f3 Bg5 26. Nxg5 Qxg5 27. Rxe4 dxe4 28. Qxe4 Rd8 29. Rxd8+ Qxd8) 25. N2f3 $14 Bg5 (25... Qxa2 $6 26. Qb5 $16) (25... Kb8 $14) 26. Qd4 ({White should try} 26. Nxg5 $16 Rxg5 27. Qd4 Qxd4 28. cxd4) 26... Qa6+ $11 27. Kg1 (27. Re2 $14) 27... Bd8 $1 {[%cal Bg5d8,Bd8b6,Bb6c5,Bc5e7][%mdl 32]} 28. Qb4 Bb6 {[%mdl 1024] Black has compensation.} 29. Nd4 Bc5 30. Qb3 Be7 31. Ndf3 Qc6 32. Kf1 Qc7 (32... Kb8 $11 {remains equal.}) 33. Qc2 $2 (33. c4 $1 $16 {is necessary to keep the advantage.}) 33... Ng5 ({Better is} 33... Bxh4 $1 $17 34. Nxh4 Qxe5) 34. Nxg5 Rxg5 35. g3 Rxe5 36. Rxe5 Qxe5 37. Re1 Qf6 {aiming for ...Bc5.} 38. Re3 Kb8 39. Qe2 Qh8 40. Nf3 Bc5 41. Rd3 Qh7 42. Ne5 f6 43. Nf3 Qf5 44. Ng1 Re8 45. Rf3 Qg6 46. a3 a6 47. b4 Bb6 48. c4 $2 (48. Qd3 $11 f5 49. Ne2) 48... dxc4 $17 49. Qxc4 $2 (49. Rc3 $17) 49... e5 $2 (49... Qb1+ $1 $19 50. Kg2 Rc8) 50. Qd3 $1 $15 {[%cal Rd3g6]} e4 $1 {[%cal Re4d3]} 51. Qd6+ {[%mdl 64] Double Attack} Bc7 52. Qxf6 ({Don't blunder} 52. Rxf6 $2 Qg7 $19) 52... Qg8 53. Rf5 e3 $40 {[%mdl 128] Threatens to win with ...exf2. Black mounts an attack.} 54. Qf7 exf2 55. Rxf2 (55. Ne2 $5 {[%cal Rf7g8]}) 55... Qh8 56. Ne2 {[#]} (56. Kg2 $1 $11 {keeps the balance.}) 56... h4 $1 $17 {[%cal Rh4g3]} 57. gxh4 (57. Qf6 $17 Qg8 58. Qf7 hxg3 59. Qxg8 Rxg8 60. Rg2) 57... Qa1+ (57... Rd8 $19 58. Qf6 Qg8) 58. Kg2 Qe5 59. Nf4 $2 (59. Kh1 $17 {was worth a try.}) 59... Qe4+ $19 60. Rf3 Re7 61. Qf8+ Re8 62. Qf7 Re7 63. Qf8+ {[#]} Ka7 $1 64. h5 $2 (64. Nd3 {was the crucial defense.} Qg6+ 65. Kf1 (65. Kh1 $2 Bb6 $19)) 64... Re5 {Strongly threatening ...Rg5+.Black is clearly winning.} 65. Qg7 Bd8 ({Not} 65... Re7 66. Qg3 $17) 66. h4 (66. Kh2 $142 Rg5 67. Qc3) 66... Bxh4 67. Nh3 Rf5 {Accuracy: White = 38%, Black = 41%.} 0-1